| 000 | 00603nam a22001937a 4500 | ||
|---|---|---|---|
| 003 | OSt | ||
| 005 | 20251024051728.0 | ||
| 008 | 251022b |||||||| |||| 00| 0 eng d | ||
| 020 | _a978-0-340-92765-6. | ||
| 040 |
_aDWCL-Main lib _cOC |
||
| 082 | _aCirc. 417.7 M645t 2007 | ||
| 100 | _aMillar, Robert Mccoll | ||
| 245 | _aTrask's historical linguistics 2nd ed. | ||
| 260 |
_aLondon : _bHodder Arnold, _cc2007. |
||
| 300 |
_axviii, 514 pages : _billustration ; _c23 cm. |
||
| 504 | _aIncludes bibliographical references and index. | ||
| 650 | _21. Linguistics. | ||
| 942 |
_2ddc _cBK-CIRC _e2nd ed. _kCirc. _n0 |
||
| 999 |
_c5001 _d5001 |
||